Word and the Law (Record no. 13234)

MARC details
000 -LEADER
fixed length control field 00591nam a2200241 a 4500
020 ## - INTERNATIONAL STANDARD BOOK NUMBER
ISBN 0226278
082 00 - DEWEY DECIMAL CLASSIFICATION NUMBER
Classification number 241.2
Author Cutter BAL
100 ## - MAIN ENTRY--AUTHOR NAME
Author name Ball, Milner S
245 ## - TITLE STATEMENT
Title Word and the Law
260 ## - PUBLICATION, DISTRIBUTION, ETC. (IMPRINT)
Place of publication Chicago
Name of publisher Chicago University Press
Year of publication 1993
300 ## - PHYSICAL DESCRIPTION
Number of Pages 216p
500 ## - GENERAL NOTE
General note includes index and biblioraphy
505 2# - FORMATTED CONTENTS NOTE
Formatted contents note Notes, Index
650 ## - SUBJECT ADDED ENTRY--TOPICAL TERM
Topical Term Law and Gospel
942 ## - ADDED ENTRY ELEMENTS (KOHA)
Koha item type Books
700 1# -
-- Ball, Milner S
Holdings
Collection code Home library Current library Date acquired Cost, normal purchase price Full call number Accession Number Koha item type
  Henry Martyn Institute Library Henry Martyn Institute Library 06/29/2007 808.50 241.2 BAL 018401 Books
                   Copyright © 2026 | Henry Martyn Institute | Hyderabad | TS-500052 | INDIA | Implemented by hmi.edu.in
Hit-Count:

Powered by Koha